000 00740cab a2200241 4500
001 WB3507-29
008 090401t1999 xxu||||| |||| 00| 0 eng d
035 _a(Sirsi) u91397
041 _aeng
245 _aSingles only
260 _c1999
350 _a0
490 _aGuardian
_v17 February 1999, 2.8-2.9(1)
520 _aResearch by the Joseph Rowntree Foundation indicates that well designed apartments at reasonable rents could attract middle-income single people back into the inner cities.
650 _aBROWNFIELD SITES
650 _aINNER CITIES
650 _aJOSEPH ROWNTREE FOUNDATION
650 _aPRIVATE RENTED SECTOR
650 _aURBAN REGENERATION
690 _aHOUSING
942 _n0
948 _c17/02/1999
999 _c58018
_d58018